000 00665nam a2200229Ia 4500
003 OSt
005 20220923214844.0
006 a|||||r|||| 00| 0
007 ta
008 220922b |||||||| |||| 00| 0 hin d
024 _a173,324
037 _cTextual
040 _aARTS
_cARTS
_bhin
041 _2hin
_ahin
082 _aO152;6x, J3
100 _aद्वीवेदी, हजारी प्रसाद
245 0 _aनिबन्ध संग्रह
246 _aNibandha sangraha
260 _c1953
942 _hO152;6x, J3
_cTEXL
_2CC
999 _c327231
_d327231